00876cam a2200241ua 4500001000500000005001700005008003900022020001800061040000900079041000800088082000800096100003200104245007300136250000900209260003300218300001000251653003800261942000700299999001500306952010500321952010400426952010400530841220260515114331.0150214n ii |||gr||||Z||||||eng a9788120704459 cMAIN aeng a820 aIyenger, K. R. S.,eAuthor. aIntroduction to the study of english literaturecBy K. R. S. Iyenger a1st. aNew Delhi:bSterling,c2004. a296p. aEnglish.& Old English literatures cBK c7515d7515 00104070aMAINbMAINcGENd2020-09-19l0o820 | IYEp15632r2020-09-19 00:00:00t1w2020-09-19yBK 00104070aMAINbMAINcGENd2020-09-19l0o820 | IYEp4946r2020-09-19 00:00:00t2w2020-09-19yBK 00104070aMAINbMAINcGENd2020-09-19l0o820 | IYEp5162r2020-09-19 00:00:00t3w2020-09-19yBK